| 000 | 00334nam a2200121Ia 4500 | ||
|---|---|---|---|
| 008 | 191201s2019 xx 000 0 und d | ||
| 100 | _aRambabu,K & Other | ||
| 245 | 0 | _aFundamentals of Biochemistry | |
| 260 |
_bAITBS Pub. _aNew Delhi _c2019 |
||
| 300 | _a532 | ||
| 650 | _aApplied Biochemistry & Clinical Chemistry | ||
| 942 |
_2ddc _cBK _04 |
||
| 999 |
_c8367 _d8367 |
||